| 000 | 00540cam a2200205Ia 4500 | ||
|---|---|---|---|
| 999 |
_c6536 _d6536 |
||
| 001 | 6724958 | ||
| 003 | OCoLC | ||
| 005 | 20190117125334.0 | ||
| 008 | 800918t19651958nbu 000 0 eng d | ||
| 035 | _a(OCoLC)6724958 | ||
| 040 |
_aICW _cICW _dFYB _dBSC |
||
| 082 |
_a235.47 _bE64H |
||
| 092 |
_a235.47 _bE64h, 1965 |
||
| 100 | 1 | _aEpp, Theodore H. | |
| 245 | 1 | 0 |
_aHow to resist Satan / _cby Theodore H. Epp. |
| 260 |
_aLincoln, Neb. : _bBack to the Bible, _c1965, c1958. |
||
| 300 |
_a95 p. ; _c18 cm. |
||
| 650 | 0 | _aDevil. | |
| 942 |
_2ddc _cBK |
||